000 00396nam a2200169Ia 4500
008 230524s9999 xx 000 0 und d
020 _a8122400337
082 _a4.62
_bCHA
100 _aUgene Charniak
245 0 _aArtificial Intelligence
250 _a4TH
260 _aSINGAPORE
_bPearson
_c2002
300 _aXVII;701
500 _aQuantity Number: 10
650 _aComp-Sc
942 _cBK
999 _c4288
_d4288